La asunción de deudas y la cesión de contrato
Guardat en:
| Autor principal: | |
|---|---|
| Format: | Llibre |
| Idioma: | espanyol |
| Publicat: |
Santiago
Jurídica de Chile
1984
|
| Matèries: | |
| Etiquetes: |
Afegir etiqueta
Sense etiquetes, Sigues el primer a etiquetar aquest registre!
|
MARC
| LEADER | 00000nam a2200000 a 4500 | ||
|---|---|---|---|
| 001 | UCZ1367 | ||
| 003 | CL-VaPUC | ||
| 008 | 950824e19840000CL |||||||||||||||||spa|d | ||
| 082 | 0 | 4 | |a 346.077 |b FIG |2 21 |
| 100 | |a Figueroa Yáñez, Gonzalo |e autor |9 296658 | ||
| 245 | 1 | 3 | |a La asunción de deudas y la cesión de contrato |
| 300 | |a 118 p | ||
| 942 | |c BK | ||
| 945 | |d 19950824 00:00:00 |a aalvarez | ||
| 260 | |a Santiago |b Jurídica de Chile |c 1984 | ||
| 650 | 0 | |a Cesión de contratos |9 344928 | |
| 650 | 0 | |a Deudor y acreedor |9 256643 | |
| 650 | 0 | |a Crédito |9 256211 | |
| 583 | |a last modification |c 19950824 00:00:00 |k Rodrigo Vera | ||
| 999 | |c 238120 |d 238118 | ||
| 952 | |0 0 |1 0 |4 0 |6 346_077000000000000_FIG_1984 |7 0 |8 A |9 248124 |a BIBDER |b BIBDER |d 2019-11-18 |i 3126315 |o 346.077 FIG 1984 |p 3126315 |r 2023-01-25 |w 2019-11-18 |y BK |k DER | ||